Hranolky, rámečky a mřížky - porozumějme číslům /

Hlavní autor: Polechová, Pavla, 1948-
Jazyk: Čeština
Vydáno: Praha : Didactive Plus, s.r.o., 2020
Vydání: První vydání
Témata:
Fyzický popis: 32 stran : barevné ilustrace ; 21 cm
Knihy
Uloženo v:
LEADER 01895nam a2200553 i 4500
001 nkc20203221312
003 CZ PrNK
005 20201029104425.0
007 ta
008 200602s2020 xr a e f 000 0 cze
015 |a cnb003221312 
020 |a 978-80-907850-0-7  |q (brožováno) 
035 |a (OCoLC)1204254775 
040 |a BOA001  |b cze  |e rda 
072 7 |a 51  |x Matematika  |2 Konspekt  |9 13 
072 7 |a 37.016  |x Učební osnovy. Vyučovací předměty. Učebnice  |2 Konspekt  |9 22 
080 |a 511.11  |2 MRF 
080 |a 51-3  |2 MRF 
080 |a 373.2  |2 MRF 
080 |a 373.3.016  |2 MRF 
080 |a 37.091.64  |2 MRF 
080 |a (072)  |2 MRF 
100 1 |a Polechová, Pavla,  |d 1948-  |7 jn20010309716  |4 aut 
245 1 0 |a Hranolky, rámečky a mřížky - porozumějme číslům /  |c autor: Pavla Polechová 
250 |a První vydání 
264 1 |a Praha :  |b Didactive Plus, s.r.o.,  |c 2020 
300 |a 32 stran :  |b barevné ilustrace ;  |c 21 cm 
336 |a text  |b txt  |2 rdacontent 
337 |a bez média  |b n  |2 rdamedia 
338 |a svazek  |b nc  |2 rdacarrier 
500 |a Název z obálky 
504 |a Obsahuje bibliografii 
650 0 7 |a čísla  |7 ph202644  |2 czenas 
650 0 7 |a počítání  |7 ph124522  |2 czenas 
650 0 7 |a předškolní výchova  |7 ph124887  |2 czenas 
650 0 7 |a učivo základních škol  |7 ph136701  |2 czenas 
650 0 7 |a učební pomůcky  |7 ph126975  |2 czenas 
650 0 9 |a numbers  |2 eczenas 
650 0 9 |a counting  |2 eczenas 
650 0 9 |a preschool education  |2 eczenas 
650 0 9 |a elementary school curriculum  |2 eczenas 
650 0 9 |a teaching aids  |2 eczenas 
655 7 |a metodické příručky  |7 fd132826  |2 czenas 
655 9 |a methodological manuals  |2 eczenas 
910 2 |a BOA001  |b 2-1454.047 
990 |a BK 
995 |a 01 
991 |b 202009  |c NOV 
996 6 |b 2610838421  |c 2-1454.047  |l MZK  |r Sklad / do 1 hodiny  |n 2  |p p.v.  |w 001826099  |u 000010  |a 1  |e BOA001  |j MZK50  |s P